000 00618nam a2200217 a 4500
001 85816
003 BD-RjUL
005 20251008143742.0
008 251008s19711958us ||||| |||| 00| 0 eng d
035 _a(BD-RjUL)85816
040 _aBD-RjUL
_beng
_cBD-RjUL
041 _aeng
082 _223
_a576.5
_bWIG 1971
100 _aWinchester, A. M.
_917109
245 _aGenetics :
_blaboratory manual /
_cA. M. Winchester.
260 _aDubuque, Iowa :
_bW.C. Brown,
_c1958
300 _a128 pages :
_billustrations ;
_c28 cm.
650 _aGenetics
650 _aGenetics
_xLaboratory manuals
_917110
942 _2ddc
_cBK
999 _c85816
_d85816